High performance MySQL : (Record no. 259)

MARC details
000 -LEADER
fixed length control field 00978cam a22003018a 4500
001 - CONTROL NUMBER
control field 4796852
005 - DATE AND TIME OF LATEST TRANSACTION
control field 20200421093824.0
008 - FIXED-LENGTH DATA ELEMENTS--GENERAL INFORMATION
fixed length control field 111207s2012 cc a 001 0 eng|d
015 ## - NATIONAL BIBLIOGRAPHY NUMBER
National bibliography number GBB1E2704
Source bnb
020 ## - INTERNATIONAL STANDARD BOOK NUMBER
International Standard Book Number 9781449314286 (pbk.) :
Terms of availability £38.50
020 ## - INTERNATIONAL STANDARD BOOK NUMBER
International Standard Book Number 1449314287 (pbk.) :
Terms of availability £38.50
035 ## - SYSTEM CONTROL NUMBER
System control number (Uk)015991775
035 ## - SYSTEM CONTROL NUMBER
System control number 2644915
040 ## - CATALOGING SOURCE
Original cataloging agency StDuBDS
Language of cataloging eng
Transcribing agency StDuBDS
082 04 - DEWEY DECIMAL CLASSIFICATION NUMBER
Classification number 005.7565
Edition information 23
100 1# - MAIN ENTRY--PERSONAL NAME
Personal name Schwartz, Baron.
9 (RLIN) 500
245 10 - TITLE STATEMENT
Title High performance MySQL :
Remainder of title optimization, backups, replication, and more.
250 ## - EDITION STATEMENT
Edition statement 3rd ed. /
Remainder of edition statement Baron Schwartz, Peter Zaitsev, Vadim Tkachenko.
260 ## - PUBLICATION, DISTRIBUTION, ETC.
Place of publication, distribution, etc. Beijing ;
-- Farnham :
Name of publisher, distributor, etc. O'Reilly,
Date of publication, distribution, etc. 2012.
263 ## - PROJECTED PUBLICATION DATE
Projected publication date 201204
300 ## - PHYSICAL DESCRIPTION
Extent 1 v. :
Other physical details ill. ;
Dimensions 24 cm.
500 ## - GENERAL NOTE
General note Previous ed.: published as by Baron Schwartz ... [et al.]. 2008.
500 ## - GENERAL NOTE
General note Includes index.
630 00 - SUBJECT ADDED ENTRY--UNIFORM TITLE
Uniform title MySQL (Electronic resource)
9 (RLIN) 501
700 1# - ADDED ENTRY--PERSONAL NAME
Personal name Zaitsev, Peter.
9 (RLIN) 502
700 1# - ADDED ENTRY--PERSONAL NAME
Personal name Tkachenko, Vadim.
9 (RLIN) 503
942 ## - ADDED ENTRY ELEMENTS (KOHA)
Source of classification or shelving scheme Dewey Decimal Classification
Koha item type Books
Holdings
Withdrawn status Lost status Damaged status Not for loan Collection Home library Current library Shelving location Date acquired Barcode Date last seen Price effective from Koha item type
        Reference Centerville Centerville General stacks 09/04/2014 39999000011296 09/04/2014 09/04/2014 Books
        Reference Midway Midway General stacks 09/04/2014 39999000011272 09/04/2014 09/04/2014 Books
        Reference Midway Midway General stacks 09/04/2014 39999000011319 09/04/2014 09/04/2014 Books